000 00620nam a2200241 a 4500
001 nice12345678
003 IN_TiNIC
005 20260116011426.0
008 050524s1932 laha grp 000 0 urd
020 _a
_c100
082 0 0 _a239
_bKAM
100 _aKamil, Mansoor S K
245 _aShaikh Michael Mansoor Kiyon Masihi Huey.
260 _aLahore
_bPunjab Religious Booksociety
_c1932
300 _a82p
500 _aincludes index and biblioraphy
505 2 _aBound one Volumes Part 1 & 2
650 _aApologetics
700 1 _aKamil, Mansoor S K
902 _bSRS
942 _cBK
999 _c1421
_d1421